Normal view
MARC view
Entry Personal Name
001 - CONTROL NUMBER
- control field: 159996
003 - CONTROL NUMBER IDENTIFIER
- control field: OSt
005 - DATE AND TIME OF LATEST TRANSACTION
- control field: 20220923211235.0
008 - FIXED-LENGTH DATA ELEMENTS
- fixed length control field: 220923|| aca||aabn | a|a d
040 ## - CATALOGING SOURCE
- Original cataloging agency: OSt
- Transcribing agency: OSt
100 ## - HEADING--PERSONAL NAME
- Personal name: भादुड़ी, अमित; नय्यर, दीपक
670 ## - SOURCE DATA FOUND
- Source citation: Work cat.: (OSt)297501: भादुड़ी, अमित; नय्यर, दीपक, उदारीकरण का सच, 1996
